[Event "Belo Horizonte op"]
[Site "Belo Horizonte"]
[Date "2010.06.04"]
[Round "3"]
[White "Barros Alysson, Bruno Fernandes"]
[Black "Rodi, Luis Ernesto"]
[Result "0-1"]
[WhiteElo "2024"]
[BlackElo "2357"]
[PlyCount "82"]
[EventDate "2010.06.03"]
[EventType "swiss"]
[EventRounds "7"]
[EventCountry "BRA"]
[SourceTitle "CBM 137 Extra"]
[Source "ChessBase"]
[SourceDate "2010.09.01"]
[SourceVersion "1"]
[SourceVersionDate "2010.09.01"]
[SourceQuality "1"]

1. d4 f5 2. Nf3 d6 3. g3 Nf6 4. Bg2 g6 5. b3 Bg7 6. Bb2 0-0 7. 0-0 Qe8 8. Nbd2 Nc6 9. e3 e5 10. dxe5 dxe5 11. Nc4 e4 12. Nd4 Bd7 13. Qe2 Ne7 14. Ne5 Ned5 15. Nxd7 Qxd7 16. Rfd1 Rfd8 17. Qb5 c6 18. Qe2 a6 19. c3 Ng4 20. Nc2 Qe7 21. h3 Nh6 22. Rab1 Nf7 23. c4 Nc3 24. Bxc3 Bxc3 25. Rxd8+ Rxd8 26. Rd1 Ne5 27. Ne1 Rd7 28. Qc2 Bxe1 29. Rxe1 Qd6 30. Rc1 Qd2 31. Kh1 Kf8 32. Kg1 Ke7 33. Kh1 h5 34. Kg1 Ke6 35. Kh1 Qxc2 36. Rxc2 Rd1+ 37. Kh2 Kd6 38. b4 Rb1 39. a3 Rb3 40. Bf1 Nf3+ 41. Kh1 Rb1 0-1